[Event "DSM WK M 2010"]
[Site "Karlsruhe GER"]
[Date "2010.05.07"]
[Round "1"]
[White "Keyzman, Anastasya"]
[Black "Nesterkin, Maria"]
[Result "0-1"]
[Termination "normal"]
[Board "6.4"]
[WhiteElo "800"]
[BlackElo "860"]
[WhiteTeam "Kant-Gymnasium Karlsruhe"]
[BlackTeam "Athenaeum Stade"]
[PlyCount "34"]
[EventCountry "GER"]
[EventRounds "7"]
[EventType "team-swiss"]
[EventDate "2010.05.06"]

1. e4 c5 2. Nf3 d6 3. Nc3 Nf6 4. h4 g6 5. a4 Bg7 6. d3 O-O 7. g4 Bxg4 8. Rg1
Nc6 9. Bg5 Nd4 10. Nd2 Bxd1 11. Kxd1 h6 12. Nd5 hxg5 13. hxg5 Nxd5 14. exd5 Qb6
15. Ne4 Qxb2 16. Ng3 Qxc2+ 17. Ke1 Nf3# 0-1

[Event "DSM WK M 2010"]
[Site "Karlsruhe GER"]
[Date "2010.05.07"]
[Round "1"]
[White "Bykov, Ilona"]
[Black "Krtschil, Anna"]
[Result "0-1"]
[Termination "normal"]
[Board "7.1"]
[WhiteElo "783"]
[BlackElo "1313"]
[WhiteTeam "Südendschule Karlsruhe"]
[BlackTeam "Salza Gymnasium Bad Langensalza"]
[PlyCount "90"]
[WhiteFideId "12964433"]
[BlackFideId "4611144"]
[EventCountry "GER"]
[EventRounds "7"]
[EventType "team-swiss"]
[EventDate "2010.05.06"]

1. e4 c5 2. Nf3 Nc6 3. Bc4 e6 4. d3 Nf6 5. Nc3 Be7 6. h3 a6 7. Bg5 b5 8. Bb3
Bb7 9. a4 b4 10. Ne2 d5 11. e5 Nd7 12. Bxe7 Qxe7 13. c4 Ncxe5 14. Nxe5 Nxe5 15.
Nf4 O-O 16. cxd5 exd5 17. Bxd5 Nxd3+ 18. Kf1 Nxf4 19. Bxb7 Qxb7 20. Qg4 Ng6 21.
Re1 Rfe8 22. Re3 Rxe3 23. fxe3 Qe7 24. Kf2 Qh4+ 25. Qxh4 Nxh4 26. Kg3 Nf5+ 27.
Kf4 g6 28. Rd1 Kg7 29. Rd5 Rc8 30. Rd7 Kf6 31. Ra7 Rc6 32. g4 g5+ 33. Ke4 Re6+
34. Kd5 Re5+ 35. Kc6 Nxe3 36. Rxa6 Re6+ 37. Kb7 Rxa6 38. Kxa6 c4 39. Kb5 c3 40.
bxc3 bxc3 41. Kb4 c2 42. a5 c1=Q 43. a6 Qc4+ 44. Ka5 Nd5 45. h4 Qb4# 0-1

[Event "DSM WK M 2010"]
[Site "Karlsruhe GER"]
[Date "2010.05.07"]
[Round "1"]
[White "Schirrmeister, Laura"]
[Black "Ketterer, Beatrice"]
[Result "1-0"]
[Termination "normal"]
[Board "7.2"]
[WhiteElo "1120"]
[BlackElo "800"]
[WhiteTeam "Salza Gymnasium Bad Langensalza"]
[BlackTeam "Südendschule Karlsruhe"]
[PlyCount "59"]
[WhiteFideId "24694967"]
[BlackFideId "12983411"]
[EventCountry "GER"]
[EventRounds "7"]
[EventType "team-swiss"]
[EventDate "2010.05.06"]

1. e4 e5 2. Nf3 Nc6 3. Bc4 Nf6 4. Ng5 Qe7 5. Nxf7 Rg8 6. Ng5 d5 7. exd5 Nxd5 8.
Bxd5 Qxg5 9. d3 Bg4 10. f3 Qh4+ 11. g3 Bxf3 12. Qxf3 Qf6 13. Qxf6 gxf6 14. Bxg8
Nd4 15. Na3 Nf3+ 16. Kf2 Nd4 17. Bxh7 Bxa3 18. bxa3 Nxc2 19. Rb1 Rb8 20. Be3
Nxa3 21. Bg6+ Ke7 22. Bc5+ Ke6 23. Bxa3 f5 24. Rbe1 e4 25. dxe4 fxe4 26. Rxe4+
Kd5 27. Rd1+ Kc6 28. Rc4+ Kb5 29. Rxc7 Kb6 30. Rc2 1-0

[Event "DSM WK M 2010"]
[Site "Karlsruhe GER"]
[Date "2010.05.07"]
[Round "1"]
[White "Kanstinger, Pia"]
[Black "Halle, Julia"]
[Result "0-1"]
[Termination "normal"]
[Board "7.3"]
[WhiteElo "800"]
[BlackElo "1018"]
[WhiteTeam "Südendschule Karlsruhe"]
[BlackTeam "Salza Gymnasium Bad Langensalza"]
[PlyCount "94"]
[BlackFideId "24694940"]
[EventCountry "GER"]
[EventRounds "7"]
[EventType "team-swiss"]
[EventDate "2010.05.06"]

1. e4 d6 2. Nf3 g6 3. Bb5+ Nd7 4. Bxd7+ Bxd7 5. O-O Bg7 6. Nc3 Nf6 7. b3 O-O 8.
Bb2 c5 9. d4 Qb6 10. dxc5 Qxc5 11. Qd4 Qxd4 12. Nxd4 Ng4 13. h3 Ne5 14. Ncb5
Bxb5 15. Nxb5 f5 16. Nc7 Rac8 17. Ne6 Rf6 18. Bxe5 dxe5 19. Nxg7 Kxg7 20. Rac1
f4 21. c4 h5 22. h4 f3 23. gxf3 Rxf3 24. Rce1 Rcf8 25. Re3 R3f4 26. Kg2 Rg4+
27. Rg3 Rxh4 28. f3 Kh6 29. Rh1 Rxh1 30. Kxh1 Rd8 31. Rg1 Rd2 32. Rg2 Rxg2 33.
Kxg2 Kg5 34. Kg3 h4+ 35. Kh3 Kf4 36. Kxh4 Kxf3 37. Kg5 Kxe4 38. Kxg6 Kd3 39.
Kf5 e4 40. Kf4 e3 41. Kf3 e2 42. Kf2 Kd2 43. a4 e1=Q+ 44. Kg2 Ke3 45. Kh2 Kf3
46. b4 Qf2+ 47. Kh1 Qg2# 0-1

[Event "DSM WK M 2010"]
[Site "Karlsruhe GER"]
[Date "2010.05.07"]
[Round "1"]
[White "Winterberg, Johanna"]
[Black "Oetzel, Helena"]
[Result "1-0"]
[Termination "normal"]
[Board "7.4"]
[WhiteElo "1004"]
[BlackElo "800"]
[WhiteTeam "Salza Gymnasium Bad Langensalza"]
[BlackTeam "Südendschule Karlsruhe"]
[PlyCount "37"]
[WhiteFideId "12929344"]
[EventCountry "GER"]
[EventRounds "7"]
[EventType "team-swiss"]
[EventDate "2010.05.06"]

1. e4 e5 2. Nf3 Nc6 3. Nc3 Bb4 4. Bc4 Bxc3 5. dxc3 Na5 6. Nxe5 Nxc4 7. Nxc4 Nf6
8. Bg5 Nxe4 9. Bxd8 Kxd8 10. O-O d5 11. Qxd5+ Bd7 12. Qxe4 Be6 13. Rfd1+ Ke8
14. Rd2 Rd8 15. Rxd8+ Kxd8 16. Ne5 f6 17. Nf3 g6 18. Qxe6 Re8 19. Rd1# 1-0

[Event "DSM WK M 2010"]
[Site "Karlsruhe GER"]
[Date "2010.05.07"]
[Round "1"]
[White "Raab, Helen"]
[Black "Brüser, Antonia"]
[Result "1-0"]
[Termination "normal"]
[Board "8.1"]
[WhiteElo "1697"]
[BlackElo "768"]
[WhiteTeam "Gymnasium Mainz-Gonsenheim"]
[BlackTeam "KGS Stella Neubrandenburg"]
[PlyCount "39"]
[WhiteFideId "24653608"]
[EventCountry "GER"]
[EventRounds "7"]
[EventType "team-swiss"]
[EventDate "2010.05.06"]

1. e4 e5 2. Nf3 Nc6 3. Bb5 Bc5 4. O-O Nf6 5. Re1 d6 6. h3 Bd7 7. c3 a6 8. Ba4
O-O 9. d4 Bb6 10. Bg5 h6 11. Bh4 Qe7 12. d5 Na5 13. Bxd7 Qxd7 14. Bxf6 gxf6 15.
Nh4 Kh8 16. Qh5 Kh7 17. Nf5 Bxf2+ 18. Kxf2 Nc4 19. Qxh6+ Kg8 20. Qg7# 1-0

[Event "DSM WK M 2010"]
[Site "Karlsruhe GER"]
[Date "2010.05.07"]
[Round "1"]
[White "Pfahl, Danielle"]
[Black "Efinger, Leila"]
[Result "0-1"]
[Termination "normal"]
[Board "8.2"]
[WhiteElo "800"]
[BlackElo "1113"]
[WhiteTeam "KGS Stella Neubrandenburg"]
[BlackTeam "Gymnasium Mainz-Gonsenheim"]
[PlyCount "64"]
[BlackFideId "12931705"]
[EventCountry "GER"]
[EventRounds "7"]
[EventType "team-swiss"]
[EventDate "2010.05.06"]

1. e4 c6 2. Nf3 d5 3. d4 dxe4 4. Ne5 Nf6 5. Nc3 e6 6. Bc4 Be7 7. O-O O-O 8. Bg5
Nbd7 9. Ne2 Qa5 10. c3 Nxe5 11. dxe5 Qxe5 12. Qd2 Ng4 13. g3 Qxg5 14. Qxg5 Bxg5
15. Rad1 e3 16. f3 Ne5 17. f4 Nxc4 18. fxg5 Nxb2 19. Rb1 Nc4 20. Rb4 Nb6 21.
Re4 f6 22. Rxe6 Bxe6 23. Nf4 Bc4 24. Re1 fxg5 25. Nh3 Rf5 26. Rxe3 Rd8 27. Re1
Rd2 28. g4 Rb5 29. a4 Rbb2 30. Nxg5 Rg2+ 31. Kh1 Rxh2+ 32. Kg1 Rbg2# 0-1

[Event "DSM WK M 2010"]
[Site "Karlsruhe GER"]
[Date "2010.05.07"]
[Round "1"]
[White "Woider, Stella"]
[Black "Schumann, Anja"]
[Result "1/2-1/2"]
[Termination "normal"]
[Board "8.3"]
[WhiteElo "757"]
[BlackElo "800"]
[WhiteTeam "Gymnasium Mainz-Gonsenheim"]
[BlackTeam "KGS Stella Neubrandenburg"]
[PlyCount "94"]
[EventCountry "GER"]
[EventRounds "7"]
[EventType "team-swiss"]
[EventDate "2010.05.06"]

1. e4 e5 2. Nf3 Nf6 3. Nc3 d6 4. Bc4 Bg4 5. h3 Be6 6. Bxe6 fxe6 7. d3 Nc6 8.
Bg5 h6 9. Bh4 d5 10. exd5 exd5 11. O-O d4 12. Nb5 Bb4 13. Qe2 Qe7 14. Bg3 O-O-O
15. Nxe5 Rhe8 16. a3 Nxe5 17. axb4 a6 18. Na3 g5 19. Qd2 Nh5 20. Bxe5 Qxe5 21.
Nc4 Qe2 22. Qxe2 Rxe2 23. c3 dxc3 24. bxc3 Rde8 25. Ne3 Nf4 26. d4 Nd3 27. Rad1
Nb2 28. Rb1 Nd3 29. Rbd1 Nb2 30. Rb1 Nd3 31. Rbd1 Nb2 32. Rfe1 Nxd1 33. Rxe2
Nxe3 34. fxe3 h5 35. e4 g4 36. hxg4 hxg4 37. e5 Kd8 38. d5 c6 39. c4 cxd5 40.
cxd5 b6 41. e6 Ke7 42. Kf2 Kd6 43. Rd2 a5 44. bxa5 bxa5 45. Ke3 a4 46. Kd4 a3
47. Ra2 Ra8 1/2-1/2

[Event "DSM WK M 2010"]
[Site "Karlsruhe GER"]
[Date "2010.05.07"]
[Round "1"]
[White "Kieckbusch, Sabrina"]
[Black "Beck, Clara"]
[Result "0-1"]
[Termination "normal"]
[Board "8.4"]
[WhiteElo "800"]
[BlackElo "812"]
[WhiteTeam "KGS Stella Neubrandenburg"]
[BlackTeam "Gymnasium Mainz-Gonsenheim"]
[PlyCount "70"]
[EventCountry "GER"]
[EventRounds "7"]
[EventType "team-swiss"]
[EventDate "2010.05.06"]

1. e4 e5 2. Bc4 Nf6 3. Nf3 Nc6 4. O-O Bc5 5. h4 d5 6. d3 dxc4 7. Bg5 O-O 8.
dxc4 Qxd1 9. Rxd1 Nxe4 10. Nc3 Nxf2 11. Rd2 Ne4+ 12. Kh2 Nxd2 13. Nxd2 Bf5 14.
Nde4 Bxe4 15. Nxe4 Bd4 16. a4 Bxb2 17. Rb1 Bd4 18. Re1 f6 19. Bd2 f5 20. Ng5
Rf6 21. Rf1 Raf8 22. Rb1 b6 23. Rb3 f4 24. g4 Bf2 25. Rf3 Bxh4 26. Rh3 Bxg5 27.
c3 Rd8 28. Be3 fxe3 29. Rxe3 Bxe3 30. g5 Rf4 31. c5 Bxc5 32. a5 Rd3 33. axb6
Rf2+ 34. Kg1 Ra2+ 35. Kf1 Rd1# 0-1